00517 2200205 4500001002100000005001500021035002000036007000300056008004100059020002200100082000800122084001400130100001400144245005200158250001100210260003300221300003200254650001600286990000900302INLIS00000000000136020180125102746 a0010-0118000178ta180125 d 0 ind  a978-602-9251-09-8 a813 a813 ZAM j0 aZam,Fatih1 aJawara :bangkara di Bumi Krakatau /cFatih Zam acet. 1 aSolo :bAnggota Ikapi,c2011 axiv,530 hlm ;c13,5 x 20 cm anovel silat a5665